000 00838nam a2200229Ia 4500
003 OSt
005 20220923214614.0
006 a|||||r|||| 00| 0
007 ta
008 220922b |||||||| |||| 00| 0 hin d
024 _a171,244
037 _cTextual
040 _aARTS
_cARTS
_bhin
041 _2hin
_ahin
082 _aO152:3N161:9, L0
100 _aचुघ, सत्यपाल
245 0 _aआस्था के प्रहरी
_b अमृतलाल नागर के उपन्यासों का विश्लेषणात्मक अध्ययन
246 _aĀsthā ke praharī: amṛutalāl nāgar ke upanyāsoan kā vishleṣhaṇātmak adhyayana
260 _c1970
942 _hO152:3N161:9, L0
_cTEXL
_2CC
999 _c325469
_d325469